000 00370cam a2200157ua 4500
003 OSt
008 250814b |||||||| |||| 00| 0 eng d
020 _a0-7277-0266-1
041 _aeng
082 _a627.24
_bINS/DE
245 _aDevelopments in Breakwaters /
250 _a1 /
260 _aLondon :
_bThomas telford Ltd ,
_c1986.
300 _a329 ; .
942 _cBK
999 _c7183
_d7183